000 00326nam a22001337a 4500
008 170315b xxu||||| |||| 00| 0 eng d
020 _a9780792383567
041 _aeng
080 _a611
100 _a7
101 _aSHM
245 _aCARDIOVASCULAR PHYSIOLOGY N THE GENETICALLY ENGINEERED MOUSE
_cHOIT, B.D
942 _2udc
_cBK
999 _c7895
_d7895